| 000 | 00677nam a2200193 4500 | ||
|---|---|---|---|
| 008 | 160516b xxu||||| |||| 00| 0 eng d | ||
| 020 | _a9712336034 | ||
| 082 |
_22003 _aDFil 302.2 _bC22p |
||
| 100 |
_98337 _aCarpio, Rustica C. |
||
| 245 |
_aPrivate and public speaking/ _cRustica C. Carpio and Anacleta M. Encarnacion; with some portions by Rebecca R. Abid. |
||
| 250 | _aFirst Edition | ||
| 260 |
_aManila: _bRex Book Store, _cc2003. |
||
| 300 |
_axx, 327 pages: _billustrations; _c22 cm. |
||
| 650 | 0 |
_98344 _aPublic speaking |
|
| 700 |
_98345 _aEncarnacion, Anacleta M. _eAuthor |
||
| 700 |
_98347 _aAbid, Rebecca R. _eAuthor |
||
| 365 |
_b436.00 _cPhp |
||
| 942 |
_2ddc _cDFIL |
||
| 999 |
_c2524 _d2524 |
||